| 000 | 00482nam a22001697a 4500 | ||
|---|---|---|---|
| 003 | OSt | ||
| 005 | 20220909171843.0 | ||
| 008 | 220909b |||||||| |||| 00| 0 eng d | ||
| 020 | _a2-908964-13-9 | ||
| 040 | _cBiblioteca Lado V | ||
| 082 |
_a750.44 _bF126o |
||
| 100 | _aFabrice, Hybert | ||
| 245 | _aOumeurt II Hybert Obrist mou et gonflé/ | ||
| 260 |
_aFrancia _bVilla Saint-Clair _c1995 |
||
| 300 |
_a296p. _c16x22cm |
||
| 942 |
_2ddc _c1 _h750.44 _iF126o _n0 |
||
| 999 |
_c1980 _d1980 |
||